<?xml version="1.0" encoding="UTF-8"?>
<record
    xmlns:xsi="http://www.w3.org/2001/XMLSchema-instance"
    xsi:schemaLocation="http://www.loc.gov/MARC21/slim http://www.loc.gov/standards/marcxml/schema/MARC21slim.xsd"
    xmlns="http://www.loc.gov/MARC21/slim">

  <leader>02456nam a22003134a 4500</leader>
  <controlfield tag="003">BOLpUSFA</controlfield>
  <controlfield tag="005">20260520183059.0</controlfield>
  <controlfield tag="008">      t        bo     gr     001 | spa||</controlfield>
  <datafield tag="017" ind1=" " ind2=" ">
    <subfield code="a">4-1-2894-2024</subfield>
  </datafield>
  <datafield tag="040" ind1=" " ind2=" ">
    <subfield code="a">BOLpUSFA</subfield>
  </datafield>
  <datafield tag="041" ind1=" " ind2=" ">
    <subfield code="a">spa</subfield>
  </datafield>
  <datafield tag="044" ind1=" " ind2=" ">
    <subfield code="c">BO</subfield>
  </datafield>
  <datafield tag="082" ind1=" " ind2=" ">
    <subfield code="a">BO 305.31 </subfield>
    <subfield code="b">C579e 9no.</subfield>
  </datafield>
  <datafield tag="110" ind1=" " ind2=" ">
    <subfield code="a">Centro de Investigaci&#xF3;n Social Tecnolog&#xED;a Apropiada y Capacitaci&#xF3;n (CISTAC)</subfield>
  </datafield>
  <datafield tag="245" ind1=" " ind2=" ">
    <subfield code="a">9no. Encuentro de Trabajo en masculinidades. Memoria</subfield>
  </datafield>
  <datafield tag="260" ind1=" " ind2=" ">
    <subfield code="a">La Paz: </subfield>
    <subfield code="b">CISTAC, </subfield>
    <subfield code="c">2024</subfield>
  </datafield>
  <datafield tag="300" ind1=" " ind2=" ">
    <subfield code="a">130 p.</subfield>
  </datafield>
  <datafield tag="520" ind1=" " ind2=" ">
    <subfield code="a">Bajo la consigna "Beberemos, comeremos y so&#xF1;aremos masculinidades", el Noveno Encuentro Internacional de Trabajo en masculinidades nos sumergi&#xF3; en una profunda exploraci&#xF3;n de los diversos aspectos que conforman las masculinidades contempor&#xE1;neas

De manera previa, entre el 18 de octubre y el 10 de noviembre de 2022, se realizaron seis webinarios adelantando la reflexi&#xF3;n sobre los temas que ser&#xED;an abordados en el Encuentro mismo. El objetivo fue fomentar una mayor comprensi&#xF3;n y participaci&#xF3;n, as&#xED; como preparar el terreno para discusiones significativas e intercambio de ideas durante el evento principal.

El Noveno Encuentro, realizado entre el 17 y 20 noviembre en Vinto, Cochabamba incluy&#xF3; una variedad de actividades acad&#xE9;micas, vivenciales y reflexivas que invitaban a los y las participantes a explorar tanto el plano intelectual como el emocional de las masculinidades. Desde conferencias magistrales y talleres hasta paneles de discusi&#xF3;n, desde experiencias corporales hasta debates conceptuales, nuestro objetivo fue crear un espacio inclusivo y enriquecedor donde pudimos aprender, compartir y crecer juntos en nuestro viaje hacia una masculinidad m&#xE1;s equitativa.

Entre otros, los temas abordados en estos espacios fueron el pensamiento decolonial y su aporte al trabajo con hombres y masculinidades en contextos latinoamericanos; la sexualidad masculina como campo de reproducci&#xF3;n del poder patriarcal; el cuidado como agenda interpeladora al patriarcado y capitalismo; la relevancia de pol&#xED;ticas p&#xFA;blicas enfocadas en hombres; y el pensamiento y praxis feminista en el trabajo con masculinidades.</subfield>
  </datafield>
  <datafield tag="650" ind1=" " ind2=" ">
    <subfield code="a">Masculinidades</subfield>
  </datafield>
  <datafield tag="650" ind1=" " ind2=" ">
    <subfield code="a">Encuentro</subfield>
  </datafield>
  <datafield tag="650" ind1=" " ind2=" ">
    <subfield code="a">G&#xE9;nero</subfield>
  </datafield>
  <datafield tag="650" ind1=" " ind2=" ">
    <subfield code="a">Patriarcado</subfield>
  </datafield>
  <datafield tag="650" ind1=" " ind2=" ">
    <subfield code="a">Sexualidad </subfield>
  </datafield>
  <datafield tag="650" ind1=" " ind2=" ">
    <subfield code="a">Feminismo</subfield>
  </datafield>
  <datafield tag="650" ind1=" " ind2=" ">
    <subfield code="a">Diversidades sexuales</subfield>
  </datafield>
  <datafield tag="650" ind1=" " ind2=" ">
    <subfield code="a">Violencia</subfield>
  </datafield>
  <datafield tag="651" ind1=" " ind2=" ">
    <subfield code="a">Latinoam&#xE9;rica</subfield>
  </datafield>
  <datafield tag="942" ind1=" " ind2=" ">
    <subfield code="2">ddc</subfield>
    <subfield code="c">LI</subfield>
    <subfield code="z">LLO</subfield>
  </datafield>
  <datafield tag="999" ind1=" " ind2=" ">
    <subfield code="c">9718</subfield>
    <subfield code="d">9718</subfield>
  </datafield>
  <datafield tag="952" ind1=" " ind2=" ">
    <subfield code="0">0</subfield>
    <subfield code="1">0</subfield>
    <subfield code="2">ddc</subfield>
    <subfield code="4">0</subfield>
    <subfield code="7">0</subfield>
    <subfield code="8">1</subfield>
    <subfield code="a">BLP</subfield>
    <subfield code="b">BLP</subfield>
    <subfield code="c">2</subfield>
    <subfield code="d">2026-05-19</subfield>
    <subfield code="e">3</subfield>
    <subfield code="l">0</subfield>
    <subfield code="o">BO 305.31 C579e 9no.</subfield>
    <subfield code="p">BLP03612</subfield>
    <subfield code="r">2026-05-19</subfield>
    <subfield code="w">2026-05-19</subfield>
    <subfield code="y">LI</subfield>
  </datafield>
  <datafield tag="952" ind1=" " ind2=" ">
    <subfield code="0">0</subfield>
    <subfield code="1">0</subfield>
    <subfield code="2">ddc</subfield>
    <subfield code="4">0</subfield>
    <subfield code="7">0</subfield>
    <subfield code="8">1</subfield>
    <subfield code="a">BEA</subfield>
    <subfield code="b">BEA</subfield>
    <subfield code="c">2</subfield>
    <subfield code="d">2026-05-19</subfield>
    <subfield code="e">3</subfield>
    <subfield code="l">0</subfield>
    <subfield code="o">BO 305.31 C579e 9no.</subfield>
    <subfield code="p">BEA01547</subfield>
    <subfield code="r">2026-05-19</subfield>
    <subfield code="w">2026-05-19</subfield>
    <subfield code="y">LI</subfield>
  </datafield>
</record>
